Prehľad zmien vykonaných v zákone o verejnom obstarávaní malou a veľkou novelou
Enregistré dans:
| Auteur principal: | |
|---|---|
| Autres auteurs: | |
| Format: | Chapitre de livre |
| Langue: | slovaque |
| Sujets: | |
| Tags: |
Pas de tags, Soyez le premier à ajouter un tag!
|
MARC
| LEADER | 00000naa a2200000 4500 | ||
|---|---|---|---|
| 001 | 0303359 | ||
| 005 | 20240805075218.4 | ||
| 041 | 0 | |a slo | |
| 044 | |a SK | ||
| 245 | 1 | 0 | |a Prehľad zmien vykonaných v zákone o verejnom obstarávaní malou a veľkou novelou |c Ľubomír Púček, Jana Novotná |
| 610 | 2 | 0 | |a zákony |
| 610 | 2 | 0 | |a obstarávanie verejné |
| 610 | 2 | 0 | |a novelizácia |
| 610 | 2 | 0 | |a investície |
| 610 | 2 | 0 | |a ekonomika |
| 100 | 1 | |a Púček, Ľubomír | |
| 700 | 1 | |a Novotná, Jana | |